<?xml version="1.0" encoding="UTF-8"?>
<record
    xmlns:xsi="http://www.w3.org/2001/XMLSchema-instance"
    xsi:schemaLocation="http://www.loc.gov/MARC21/slim http://www.loc.gov/standards/marcxml/schema/MARC21slim.xsd"
    xmlns="http://www.loc.gov/MARC21/slim">

  <leader>03757cam a22003494a 4500</leader>
  <controlfield tag="001">13280472</controlfield>
  <controlfield tag="003">OSt</controlfield>
  <controlfield tag="005">20210414114457.0</controlfield>
  <controlfield tag="008">030718s2003    enka     bf   001 0 eng  </controlfield>
  <datafield tag="010" ind1=" " ind2=" ">
    <subfield code="a">  2003015170</subfield>
  </datafield>
  <datafield tag="020" ind1=" " ind2=" ">
    <subfield code="a">0749440724</subfield>
  </datafield>
  <datafield tag="040" ind1=" " ind2=" ">
    <subfield code="a">DLC</subfield>
    <subfield code="c">DLC</subfield>
    <subfield code="d">DLC</subfield>
  </datafield>
  <datafield tag="042" ind1=" " ind2=" ">
    <subfield code="a">pcc</subfield>
  </datafield>
  <datafield tag="043" ind1=" " ind2=" ">
    <subfield code="a">e-uk---</subfield>
  </datafield>
  <datafield tag="050" ind1="0" ind2="0">
    <subfield code="a">HD59.H443 </subfield>
  </datafield>
  <datafield tag="082" ind1="0" ind2="0">
    <subfield code="a">659.2</subfield>
    <subfield code="2">22</subfield>
  </datafield>
  <datafield tag="100" ind1="1" ind2=" ">
    <subfield code="a">Henslowe, Philip,</subfield>
    <subfield code="d">1934-</subfield>
  </datafield>
  <datafield tag="245" ind1="1" ind2="0">
    <subfield code="a">Public relations: A practical guide to the basics. /</subfield>
    <subfield code="c">Philip Henslowe.</subfield>
  </datafield>
  <datafield tag="250" ind1=" " ind2=" ">
    <subfield code="a">2nd ed.</subfield>
  </datafield>
  <datafield tag="260" ind1=" " ind2=" ">
    <subfield code="a">London :</subfield>
    <subfield code="b">Kogan Page,</subfield>
    <subfield code="c">c2003.</subfield>
  </datafield>
  <datafield tag="300" ind1=" " ind2=" ">
    <subfield code="a">viii, 152 p. :</subfield>
    <subfield code="b">ills. ;</subfield>
    <subfield code="c">24 cm.</subfield>
  </datafield>
  <datafield tag="504" ind1=" " ind2=" ">
    <subfield code="a">Includes bibliographical references and index.</subfield>
  </datafield>
  <datafield tag="505" ind1="0" ind2=" ">
    <subfield code="a">Contents: Communication and the roles of public relations: Introduction -- Communication -- Corporate communication -- Corporate social responsibility -- Publicity -- Images -- Knowledge and understanding -- Interest -- Acceptance -- Sympathy -- External public relations sources: Introduction -- Consultancies -- Why use a consultancy? -- Types of consultancy -- Advantages of using a consultancy -- Disadvantages of using a consultancy -- Mixing and matching -- Ethics and the law: Ethics -- Codes of conduct -- The law -- Copyright law  -- Working with suppliers: The brief -- The contract or agreement -- Timetabling -- Costings -- Progress chasing -- Working with publishers: The brief -- The contract -- The manuscript -- Promotion and distribution -- Working with printers: Background -- The brief and the contract -- Illustrations -- Paper specification -- Working with photographers: Choosing a photographer -- Photographic libraries -- Colour or black and white? -- Location and studio work -- Contact sheets, transparencies or digital? -- Special effects -- Assignment of copyright -- Reproduction studios -- Working with designers: Background -- Desktop publishing -- The brief -- The work -- Conclusion -- Making videos: Introduction -- The film makers -- Costs -- The concept -- The script -- Filming -- Post-production -- Exhibitions and other events: Exhibitions and trade fairs -- Support at the stand -- Setting up and running your own stand -- Organizing an exhibition -- Conclusion -- Promotions and functions: Venues -- The programme -- The characteristics and categories of events -- Visits: VIP visits -- Royal visits -- Sponsorship and educational activities: Patronage -- Sponsorship -- Why sponsor? -- Forms of sponsorship -- The national lottery -- Evaluation -- Business writing: General rules -- Reports and proposals -- Memoranda -- Minutes -- Feature articles -- Crisis management: What is crisis management? -- How to cope -- After it is over -- Working with the media: Impact -- Audience -- Television -- Radio -- Teletex and ceefax -- Television news release limited (TNR) -- External media support: Distribution -- Broadcast media -- Monitoring and evaluation -- Editorial support -- Integrated services digital network -- More information -- Planning and programming: Why have a programme? -- The programme -- How to plan the programme -- Assessment and evaluation: Assessment -- Evaluation -- Conclusion.</subfield>
  </datafield>
  <datafield tag="650" ind1=" " ind2="0">
    <subfield code="a">Public relations</subfield>
    <subfield code="v">Handbooks, manuals, etc.</subfield>
  </datafield>
  <datafield tag="650" ind1=" " ind2="0">
    <subfield code="a">Public relations</subfield>
    <subfield code="z">Great Britain</subfield>
    <subfield code="v">Handbooks, manuals, etc.</subfield>
  </datafield>
  <datafield tag="856" ind1="4" ind2="1">
    <subfield code="3">Table of contents</subfield>
    <subfield code="u">http://www.loc.gov/catdir/toc/ecip046/2003015170.html</subfield>
  </datafield>
  <datafield tag="856" ind1="4" ind2="2">
    <subfield code="3">Publisher description</subfield>
    <subfield code="u">http://www.loc.gov/catdir/enhancements/fy0715/2003015170-d.html</subfield>
  </datafield>
  <datafield tag="856" ind1="4" ind2="2">
    <subfield code="3">Contributor biographical information</subfield>
    <subfield code="u">http://www.loc.gov/catdir/enhancements/fy0912/2003015170-b.html</subfield>
  </datafield>
  <datafield tag="906" ind1=" " ind2=" ">
    <subfield code="a">7</subfield>
    <subfield code="b">cbc</subfield>
    <subfield code="c">orignew</subfield>
    <subfield code="d">1</subfield>
    <subfield code="e">ecip</subfield>
    <subfield code="f">20</subfield>
    <subfield code="g">y-gencatlg</subfield>
  </datafield>
  <datafield tag="942" ind1=" " ind2=" ">
    <subfield code="2">lcc</subfield>
    <subfield code="c">BK</subfield>
  </datafield>
  <datafield tag="999" ind1=" " ind2=" ">
    <subfield code="c">5674</subfield>
    <subfield code="d">13174</subfield>
  </datafield>
  <datafield tag="952" ind1=" " ind2=" ">
    <subfield code="0">0</subfield>
    <subfield code="1">0</subfield>
    <subfield code="2">lcc</subfield>
    <subfield code="4">0</subfield>
    <subfield code="7">0</subfield>
    <subfield code="a">WIUC-1</subfield>
    <subfield code="b">WIUC-1</subfield>
    <subfield code="c">REF</subfield>
    <subfield code="d">2015-07-24</subfield>
    <subfield code="l">0</subfield>
    <subfield code="o">HD59.H443</subfield>
    <subfield code="p">7851/278/15</subfield>
    <subfield code="r">2015-07-24 00:00:00</subfield>
    <subfield code="w">2015-07-24</subfield>
    <subfield code="y">BK</subfield>
  </datafield>
</record>
